• 首页
  • 本馆介绍
  • 公告通知
  • 最新文献
  • 馆藏检索
  • 电子资源
  • 读者导购
  • 参考咨询
  • 我的图书馆
  • 登录
  • 详细信息显示
  • 放入我的书架
  • 预约/预借图书
  • 作者相关作品
  • 分类相关作品
  • 丛书相关作品
  • 出版社相关作品

书目信息

  • 表格格式
  • 工作单格式
  • 卡片格式
题名:
中国现代文学作品选
    
 
作者: 安徽大学中文系现代文学教研室(编) ;安徽大学中文系现代文学教研室
分册: 1921-1949   多幕剧选
出版信息: 合肥   安徽大学出版社  1984.7
页数: 830页
开本: 32开
丛书名:
单 册:
中图分类: I230.6
科图分类:
主题词: 戏剧文学--剧本--中国
电子资源:
ISBN:
000 00744nam0 2200217 45
001 0209181512
005 20031219104057.4
010    @dCNY3.26
100    @a20020918d1984 km y0chiy0120 ea
101 0  @achi
105    @a z 000by
200 1  @a中国现代文学作品选@h1921-1949@i多幕剧选@AZhong Guo Xian Dai Wen Xue Zuo Pin Xuan@f安徽大学中文系现代文学教研室[编]@FAn Hui Da Xue Zhong Wen Xi Xian Dai Wen Xue Jiao Yan Shi[Bian]
210    @a合肥@c安徽大学出版社@d1984.7
215    @a830页@d32开
517    @a多幕剧选@ADuo Mu Ju Xuan
606 0  @a戏剧文学@x剧本@x中国
690    @aI230.6@v3
701  0 @a安徽大学中文系现代文学教研室(编)
711 02 @a安徽大学中文系现代文学教研室
801    @aCN@bTSTC@c20020930
905    @dI230.6@e76@f1@b148784
    
    中国现代文学作品选.1921-1949.多幕剧选/安徽大学中文系现代文学教研室[编].-合肥:安徽大学出版社,1984.7
    830页;32开
    
    
    ISBN :CNY3.26
    
●
相关链接 在E读中查询图书 在五车中查询图书 在当当中查询图书 在豆瓣中查询图书


正题名:中国现代文学作品选     索取号:I230.6/76         预约/预借

序号 登录号 条形码 馆藏地/架位号 状态 备注
1 0148784   000779599   密集书库/ [索取号:I230.6/76] 在馆    
唐山师范学院图书馆 欢迎您!
大连网信软件有限公司© 版权所有